000 00211nam a22000857a 4500
008 160718b xxu||||| |||| 00| 0 eng d
100 _93006
_a Brien, D
245 _aG.K - Business
260 _aNew Delhi
_bPenguin
_c2004
999 _c2569
_d2569